00741nam a2200181 u 450000100100000000500170001000800410002704100090006808200220007711000930009924501800019225000120037226000370038430000100042165000430043165100440047465100410051800005482520200120222924.0130529s1995 ck gr 000 0 spa d0 a-spa04a382.9861bI572212 aInstituto Colombiano de Comercio Exterior.bOficina de Apoyo y Facilitación al Usuario10aGuía de las normas de origen y las preferencias arancelarias otorgadas a Colombia /cInstituto Colombiano de Comercio Exterior. Oficina de Apoyo y Facilitación al Usuario. a1a. ed. aBogotá :bEl Instituto,c1995. a56 p.14aAranceles de aduanazColombiavGuías 4aColombiaxPolítica comercialvGuías 4aColombiaxComercio exteriorvGuías